El habla de la ciudad de bogotá : (Registro nro. 4135)
[ vista simple ]
| 000 -LEADER | |
|---|---|
| fixed length control field | 01127nam a2200241Ia 4500 |
| 003 - CONTROL NUMBER IDENTIFIER | |
| control field | OSt |
| 005 - DATE AND TIME OF LATEST TRANSACTION | |
| control field | 20200922123354.0 |
| 008 - FIXED-LENGTH DATA ELEMENTS--GENERAL INFORMATION | |
| fixed length control field | 191128s1990 ck gr 000 0 spa d |
| 040 ## - CATALOGING SOURCE | |
| Original cataloging agency | CO-JMCR |
| Transcribing agency | CO-JMCR |
| 041 0# - LANGUAGE CODE | |
| Language code of text/sound track or separate title | spa |
| 082 04 - DEWEY DECIMAL CLASSIFICATION NUMBER | |
| Classification number | 467 .986148 |
| Item number | O884h |
| Edition number | 23 |
| 100 1# - MAIN ENTRY--PERSONAL NAME | |
| Personal name | Otálora de Fernández, Hilda Inés. |
| Relator term | autora |
| 9 (RLIN) | 10627 |
| 245 13 - TITLE STATEMENT | |
| Title | El habla de la ciudad de bogotá : |
| Remainder of title | materias para su estudio / |
| Statement of responsibility, etc. | Otálora de Fernández, Hilda Inés, González G., Alonso. |
| 250 ## - EDITION STATEMENT | |
| Edition statement | Segunda edición |
| 260 ## - PUBLICATION, DISTRIBUTION, ETC. | |
| Place of publication, distribution, etc. | Bogotá : |
| Name of publisher, distributor, etc. | Instituto Caro y Cuerbo, |
| Date of publication, distribution, etc. | 1990. |
| 300 ## - PHYSICAL DESCRIPTION | |
| Extent | 840 Páginas ; |
| Dimensions | 22 cm. |
| 490 ## - SERIES STATEMENT | |
| Series statement | Colección Jorge Ortega Torres : |
| -- | Colección Darío Achury Valenzuela : |
| -- | Colección Jaime Tello : |
| -- | Colección Bernardo Ramírez. |
| 505 0# - FORMATTED CONTENTS NOTE | |
| Formatted contents note | Diálogo entre encustador e informante -- Diálogo entre dos infoermantes -- Diálogos secretos -- Elocuciones formales: clases, conferencias, discursos etc… |
| 650 24 - SUBJECT ADDED ENTRY--TOPICAL TERM | |
| Topical term or geographic name entry element | Habla |
| General subdivision | Investigaciones |
| Geographic subdivision | Bogotá (Colombia) |
| 9 (RLIN) | 10628 |
| 650 24 - SUBJECT ADDED ENTRY--TOPICAL TERM | |
| Topical term or geographic name entry element | Lingüística |
| General subdivision | Investigaciones |
| Geographic subdivision | Bogotá (Colombia) |
| 9 (RLIN) | 10629 |
| 700 1# - ADDED ENTRY--PERSONAL NAME | |
| Personal name | González G., Alonso, |
| Relator term | autor |
| 9 (RLIN) | 10630 |
| 942 ## - ADDED ENTRY ELEMENTS (KOHA) | |
| Source of classification or shelving scheme | Dewey Decimal Classification |
| Koha item type | Books |
| Withdrawn status | Lost status | Source of classification or shelving scheme | Materials specified (bound volume or other part) | Damaged status | Not for loan | Home library | Current library | Shelving location | Date acquired | Source of acquisition | Full call number | Barcode | Date last seen | Copy number | Price effective from | Koha item type |
|---|---|---|---|---|---|---|---|---|---|---|---|---|---|---|---|---|
| Dewey Decimal Classification | Donación--22/06/2018-- | Biblioteca Pública José María del Castillo y Rada | Biblioteca Pública José María del Castillo y Rada | General Stacks | 11/28/2019 | Donación | 467.986148 / O884h | 201808955 | 05/16/2024 | EJ.1 | 11/28/2019 | Books |